| 000 | 00354nam a2200109Ia 4500 | ||
|---|---|---|---|
| 005 | 20251222144638.0 | ||
| 008 | 251222s9999||||xx |||||||||||||| ||spa|| | ||
| 082 | _a803.08/R71 | ||
| 100 | _a"Roberts, FrankGodfrey, DaveMaurier, Daphe du[y otros]" | ||
| 245 | 0 | _aLas mejores novelas cortas: 24 maestros de la literatura universal contemporánea | |
| 942 | _cLIB | ||
| 999 |
_c16559 _d16559 |
||